Известия Академии наук СССР. Отделение общественных наук; № 3; Сравнительное литературоведение и проблема литературных влияний; Немецкое литературоведение и фашизм; Идеология русского буржуазного писателя XVIII в.; К вопросу об изучении массовой литературы XVIII в.; Русский язык в произведениях И. С. Тургенева; К истории феодальных отношений в Казахстане в XVII-XVIII в.; Казахский союз и Московское государство в конце XVII в.; Игнацио Гвиди
| Corporate Author: | |
|---|---|
| Language: | Russian |
| Published: |
Москва, Изд-во АН СССР, 1936
|
| TOC: | Сравнительное литературоведение и проблема литературных влияний; Немецкое литературоведение и фашизм; Идеология русского буржуазного писателя XVIII в.; К вопросу об изучении массовой литературы XVIII в.; Русский язык в произведениях И. С. Тургенева; К истории феодальных отношений в Казахстане в XVII-XVIII в.; Казахский союз и Московское государство в конце XVII в.; Игнацио Гвиди; |
| Subjects: | |
| Format: | Book |
| KOHA link: | https://koha.lib.tpu.ru/cgi-bin/koha/opac-detail.pl?biblionumber=328612 |
MARC
| LEADER | 00000nam0a2200000 4500 | ||
|---|---|---|---|
| 001 | 328612 | ||
| 005 | 20231102004059.0 | ||
| 035 | |a (RuTPU)RU\TPU\book\354312 | ||
| 035 | |a RU\TPU\book\354200 | ||
| 090 | |a 328612 | ||
| 100 | |a 20170221d1936 k y0rusy50 ca | ||
| 101 | 0 | |a rus | |
| 102 | |a RU | ||
| 105 | |a a z 001zb | ||
| 200 | 1 | |a Известия Академии наук СССР. Отделение общественных наук |f Академия наук СССР (АН СССР) |h № 3 | |
| 210 | |a Москва |a Ленинград |c Изд-во АН СССР |d 1936 | ||
| 215 | |a С. 383-541 | ||
| 320 | |a Библиогр. в тексте | ||
| 464 | |t Сравнительное литературоведение и проблема литературных влияний | ||
| 464 | |t Немецкое литературоведение и фашизм | ||
| 464 | |t Идеология русского буржуазного писателя XVIII в. | ||
| 464 | |t К вопросу об изучении массовой литературы XVIII в. | ||
| 464 | |t Русский язык в произведениях И. С. Тургенева | ||
| 464 | |t К истории феодальных отношений в Казахстане в XVII-XVIII в. | ||
| 464 | |t Казахский союз и Московское государство в конце XVII в. | ||
| 464 | |t Игнацио Гвиди |a Крачковский, И. Ю. | ||
| 600 | 1 | |a Гвиди |b И. |c итальянский востоковед |f 1944-1935 |g Игнацио |2 stltpush |3 (RuTPU)RU\TPU\pers\38041 | |
| 606 | 1 | |a Общественные науки |x Методология |x История |2 stltpush |3 (RuTPU)RU\TPU\subj\46681 |9 65798 | |
| 610 | 1 | |a литературоведение | |
| 610 | 1 | |a фашизм | |
| 610 | 1 | |a немецкая литература | |
| 610 | 1 | |a русская литература | |
| 610 | 1 | |a 18 век | |
| 610 | 1 | |a идеология | |
| 610 | 1 | |a русский язык | |
| 610 | 1 | |a Казахстан | |
| 610 | 1 | |a Московское государство | |
| 610 | 1 | |a 17 век | |
| 610 | 1 | |a феодальные отношения | |
| 610 | 1 | |a сравнительное языкознание | |
| 610 | 1 | |a библиотека М. А. Усова | |
| 686 | |a С |v LBC/SL-A |2 rubbk | ||
| 712 | 0 | 2 | |a Академия наук СССР (АН СССР) |c (1925-1991) |2 stltpush |3 (RuTPU)RU\TPU\col\722 |
| 801 | 1 | |a RU |b 63413507 |c 20170220 | |
| 801 | 2 | |a RU |b 63413507 |c 20171019 |g RCR | |
| 942 | |c BK | ||